Fisiología de la conducta (Registro nro. 1571)

Detalles MARC
000 -Cabecera
Campo de control interno 00419nam a2200181Ia 4500
005 - Fecha y hora del registro
control field 20260306143738.0
008 - Elementos de Longitud Fija
fixed length control field 260306t2006||||xx |||||||||||||| ||spa||
041 ## - Idioma
Codigo Idioma ESP
082 ## - DEWEY y NOTACIÓN INTERNA
Dewey 152
Notación Interna C28 2006
100 ## - AUTOR
Autor denominación Carlson, Neil R.
Término de relación autor
245 #0 - TÍTULO DE MATERIAL BIBLIOGRÁFICO
Título Fisiología de la conducta
260 ## - CIUDAD, EDITORIAL, AÑO
Año 2006
300 ## - DESCRIPCIÓN
N° Páginas 759 páginas :
Dimensiones 27 cm
650 ## - TEMAS
Temas Generalidades
654 ## - PROGRAMAS
Programa Dpto. de Psicología
942 ## - ELEMENTOS DE KOHA
Tipo de documento Libro
Nombre del creador Justo Noguera
Código de catalogador Justo Noguera
Esquema de clasificación Dewey Decimal Classification
Suppress in OPAC
Existencias
Codigo completo Registro Colección Copia número Disponibilidad Tipo de préstamo Biblioteca Actual Procedencia (Biblioteca) Ubicacón Fecha Ingreso Tipo de Adquisición Date last seen Total checkouts Date last checked out Price effective from Tipo de Item Estado del Material Fuente de Clasificación Damaged status Withdrawn status
152 C28 2006 U0019056 Universidad Católica San Pablo 1 Disponible Disponible Víctor Andrés Belaunde Víctor Andrés Belaunde Planta baja abierta 03/06/2026 Compra 11/03/2026 2 11/03/2026 06/03/2026 Libro Bueno Dewey Decimal Classification